000 00550nam a22002297a 4500
005 20170124110120.0
010 _a801461
020 _c00.00
_a00022198008
035 _a801461
037 _bCen Lib/Ret
040 _aDPL
_bEN
082 _aS
_bTRE
100 _aTrew, Antomy
_930436
245 _aThe zhukov briefing /
_cby Antony Trew
260 _aLondon
_bCollins
_c1975
270 _bLondon
300 _a252p.
_c19cm(Hb)
650 _aLiterature
_96262
650 _aNovel
_922513
700 _925306
942 _2ddc
_cEN
_hN
_mTRE
999 _c130930
_d130930